Regions of Countries *11 - Statistics

General Stats
  • This quiz has been taken 95 times
  • The average score is 12 of 20
Answer Stats
Region Country % Correct
Mallorca Spain
96%
Idaho United States
96%
Provence-Alpes-Côte d'Azur France
94%
Yangtze Basin China
91%
East Macedonia and Thrace Greece
90%
Manitoba Canada
85%
Götaland Sweden
82%
Monterrey Mexico
81%
Maranhão Brazil
71%
Omskaya Russia
71%
Norðurland eystra Iceland
58%
Igboland Nigeria
49%
Syrmia (Srem, Srijem) Serbia, Croatia
38%
Nevis Saint Kitts and Nevis
35%
Carniola (Kranjska) Slovenia
35%
New Ireland Papua New Guinea
34%
Stara Zagora Province Bulgaria
27%
Calabarzon Philippines
18%
Nantou County Taiwan
15%
Gash-Barka Eritrea
8%
No matching quizzes found
Score Distribution
Percent of People with Each Score
Percentile by Number Answered
Your Score History
You have not taken this quiz